LEADER 00990nam a2200217 i 4500 001 000000164669 003 CaOOAMICUS 005 20240521164541.0 008 070921s1920 it u000 u ita u 040 $aSeMil$bita 100 1 $aFalorsi, Guido.$0(OLS)http://semarc/name/11473 245 13$aLe concordanze dantesche :$bintroduzione analitica a un commento sintetico della Divina Commedia /$cGuido Falorsi. 264 1$aFirenze :$bLe Monnier,$c1920. 300 $aIX, 660 p. ;$c19 cm. 650 4$aAlighieri, Dante <1265-1321> . Divina Commedia - Commentari e studi.$0(OLS)http://semarc/subject/2968 850 $aSeMil 852 $aSeMil$W1$xVenegono$y1$m1O III 342$j248437$B115899$CSeMilBibl$Z2$F126726 $81 961 $aRecupero: Altro 996 $6245$aLe concordanze dantesche :$bintroduzione analitica a un commento sintetico della Divina Commedia$9(OLS)http://semarc/title/234966 996 $6264$aFirenze :$bLe Monnier$9(OLS)http://semarc/publisher/30060 LEADER 01428nam a2200289 4500 001 000000333244 003 CaOOAMICUS 005 20190403000000.0 008 190403s2018 it a 000 u ita r 020 $a978-88-514-2031-4 040 $aSeMil$bita 100 1 $aPozzi, Antonia,$d<1912-1938>.$0(OLS)http://semarc/name/56265 245 10$aMi sento in un destino :$bdiari e altri scritti /$cAntonia Pozzi ; a cura di Graziella Bernaḅ e Onorina Dino. 264 1$aVarese :$bCentro internazionale insubrico C. Cattaneo e G. Preti ;$aMilano :$bÀncora,$c2018. 300 $a157 p. :$bill. ;$c21 cm 490 1 $aIncursioni 700 1 $aBernaḅ, Graziella.$0(OLS)http://semarc/name/109319 700 1 $aDino, Onorina.$0(OLS)http://semarc/name/56267 773 0 $aPozzi, Antonia <1912-1938>$tOpera omnia.$dMilano : Àncora, 2017-2018.$z978-88-514-2082-6$w()333243 830 0$aIncursioni.$0(OLS)http://semarc/title/44462 850 $aSeMil 852 $aSeMil$W1$xVenegono$y1$m1A IV 132$j213279$B225375$CSeMilBibl$Z2$F225375 $81 996 $6020$a978-88-514-2031-4$9(OLS)http://semarc/number/287056 996 $6245$aMi sento in un destino :$bdiari e altri scritti$9(OLS)http://semarc/title/422512 996 $6264$aVarese :$bCentro internazionale insubrico C. Cattaneo e G. Preti$9(OLS)http://semarc/publisher/58228 996 $6264$aMilano :$bÀncora$9(OLS)http://semarc/publisher/29763